000 00281nam a22001337a 4500
008 170822b xxu||||| |||| 00| 0 eng d
020 _a0387960740
041 _aeng
080 _a51
100 _a38
101 _aMAT
245 _aNATRIX GROUOS
_cCURTIS.M.L
942 _2udc
_cBK
999 _c24553
_d24553